TV Shows With a Fridge Quiz Stats

 Plays Quiz Updated Dec 28, 2018

Score 0/20 Timer 06:00
1 Play Today
% Correct
Friends
99.7%
The Big Bang Theory
94.9%
Modern Family
88.3%
2 Broke Girls
87%
The Simpsons
85.1%
Roseanne
83.3%
Everybody Loves Raymond
82.4%
How I Met Your Mother
81.6%
Desperate Housewives
79.3%
Frasier
73.9%
% Correct
Married... with Children
68.5%
Mom
64.1%
Laverne & Shirley
59%
Gilmore Girls: A Year in the Life
57.6%
Bones
55.9%
Unbreakable Kimmy Schmidt
41.1%
The Americans
37%
Young Sheldon
30.8%
iZombie
28.1%
Pretty Little Liars
20.4%

You're not logged in!

Compare scores with friends on all Sporcle quizzes.
OR
Log In

Sporcle TV

Today on Sporcle TV


Watch our educational content, quiz creation guides, and fun videos on Sporcle TV.

Show Comments

Extras

Top Quizzes Today


Score Distribution

Your Account Isn't Verified!

In order to create a playlist on Sporcle, you need to verify the email address you used during registration. Go to your Sporcle Settings to finish the process.

Report this User

Report this user for behavior that violates our Community Guidelines.

Details: